000 00534nam a2200193Ia 4500
003 GCL
008 140319s9999 xx 000 0 ara d
040 _aGCL /
_cGCL
082 0 4 _a279.01
_bم ا
100 1 _aمارى بن سليمان
245 1 0 _aاخبار بطاركه كرسى المشرق /
_cمارى بن سليمان
260 _a[S.N] :
_bلا يوجد ،
_c1899
300 _a179 ص
490 _a
650 0 4 _aالانبياء
650 0 4 _aتاريخ الكنيسة
650 0 4 _aالرسل
942 _2ddc
_cBK
999 _c55385
_d55385